Prof. G Ram Reddy Library

अनकहें पल: (Record no. 175074)

MARC details
000 -LEADER
fixed length control field 01071nam a2200217Ia 4500
003 - CONTROL NUMBER IDENTIFIER
control field LDD
005 - DATE AND TIME OF LATEST TRANSACTION
control field 20190415153250.0
008 - FIXED-LENGTH DATA ELEMENTS--GENERAL INFORMATION
fixed length control field 190117s9999 xx 000 0 und d
020 ## - INTERNATIONAL STANDARD BOOK NUMBER
International Standard Book Number 9789382554868
Terms of availability ₹400
040 ## - CATALOGING SOURCE
Transcribing agency LDD
082 ## - DEWEY DECIMAL CLASSIFICATION NUMBER
Edition number 23
Classification number 8U6.5 हु7407492 अ
100 ## - MAIN ENTRY--PERSONAL NAME
Personal name हुसैन, जाकिर
Relator term लेखक
9 (RLIN) 4926
245 #0 - TITLE STATEMENT
Title अनकहें पल:
Remainder of title पत्र, लेख एवं भाषणों के आईने में/
Statement of responsibility, etc. जाकिर हुसैन एवं संपादक मो.जाकिर हुसैन
260 ## - PUBLICATION, DISTRIBUTION, ETC.
Name of publisher, distributor, etc. नयी किताब
Date of publication, distribution, etc. 2017
Place of publication, distribution, etc. दिल्ली
300 ## - PHYSICAL DESCRIPTION
Extent 194 P.
650 ## - SUBJECT ADDED ENTRY--TOPICAL TERM
Topical term or geographic name entry element डॉ जाकिर हुसैन-पत्र, लेख एवं भाषणों
9 (RLIN) 4927
700 ## - ADDED ENTRY--PERSONAL NAME
Relator term संपादक/अनुवाद
9 (RLIN) 4928
Personal name हुसैन, मो. जाकिर
901 ## - LOCAL DATA ELEMENT A, LDA (RLIN)
a STAR
904 ## - LOCAL DATA ELEMENT D, LDD (RLIN)
a Reqst by : Satyakam
942 ## - ADDED ENTRY ELEMENTS (KOHA)
Source of classification or shelving scheme Dewey Decimal Classification
Koha item type Hindi Books
Edition 23
Classification part 8U6.5 हु7407492अ
Holdings
Withdrawn status Lost status Source of classification or shelving scheme Damaged status Not for loan Home library Current library Date acquired Total Checkouts Full call number Barcode Date last seen Price effective from Koha item type
No   Dewey Decimal Classification     Library and Documentation Division Library and Documentation Division 01/17/2019   8U6.5 हु7407492अ H021557 01/17/2019 01/17/2019 Hindi Books

© Prof. G Ram Reddy Centre Library, Indira Gandhi National Open University, Maidan Garhi, New Delhi, 110068
+91-011-29532797 | FAX+91-011-29533393 |